000 00562nam a2200241Ia 4500
003 OSt
005 20221007115716.0
006 a|||||r|||| 00| 0
007 ta
008 221006b |||||||| |||| 00| 0 eng d
024 _a37,940
037 _cTextual
040 _aLCO
_cLCO
_beng
041 _2eng
_aeng
082 _aX:5:(Z1, Q8
100 _aCARR Indira
_9690246
245 0 _aInternational Trade Law
250 _a6th
260 _c2018
300 _a748
942 _hX:5:(Z1, Q8
_cTEXL
999 _c1207503
_d1207503